Tisseo Linéo 6 ( Toulouse ) - Statistiques

Statistiques générales
  • Ce quiz a été pris 12 fois
  • Le résultat moyen est 11 sur 17
Statistiques - réponses
Commune Correspondances Réponse % Correct
Castanet-Tolosan 81, 109, 202, 205 Castanet - Tolosan
100%
Castanet-Tolosan 81 Peupliers
88%
Ramonville B, 27, 37, 79, 111, 112, 119 Ramonville
88%
Ramonville 119 Collège André Malraux
75%
Auzeville-Tolosane 81 Grand Chemin
75%
Castanet-Tolosan INRAE
75%
Auzeville-Tolosane 81 Moulin Armand
75%
Ramonville 81, 119 Ramonville Sud
75%
Ramonville 8 Mai 1945
63%
Castanet-Tolosan 109 Castanet République
63%
Castanet-Tolosan 109 Verte Prairie
63%
Auzeville-Tolosane 81 Complexe Agricole
50%
Castanet-Tolosan Les Genêts
50%
Castanet-Tolosan Artaud
38%
Castanet-Tolosan 109 Blum
38%
Castanet-Tolosan 81, 109 Peries
25%
Castanet-Tolosan 81, 109 Chemin de Carrelet
13%
Aucun quiz correspondant
Distribution des résultats
% des personnes avec chaque résultat
Percentile par nombre de réponses
Votre historique - résultats
Vous n’avez pas pris ce quiz